Nebe mé lásky /

Hlavní autor: Roberts, Nora, 1950-
Další autoři: Klůfová, Petra, 1957-
Jazyk: Čeština
Vydáno: Frýdek-Místek : Alpress, 2010
Vydání: Vydání 2.
Edice: Klokan (Alpress)
Témata:
Externí odkaz: Digitalizovaný dokument
Fyzický popis: 501 stran ; 21 cm
Knihy
Uloženo v:
LEADER 01634nam a2200469 i 4500
001 nkc20102110681
003 CZ PrNK
005 20250618101315.0
007 ta
008 100809s2010 xr g 000 f cze
015 |a cnb002110681 
020 |a 978-80-7362-716-4  |q (vázáno) 
035 |a (OCoLC)664091655 
040 |a BOA001  |b cze  |d ABA001  |e rda 
041 1 |a cze  |h eng 
072 7 |a 821.111(73)-3  |x Americká próza  |2 Konspekt  |9 25 
080 |a 821.111(73)-31  |2 MRF 
080 |a (0:82-312.5)  |2 MRF 
100 1 |a Roberts, Nora,  |d 1950-  |7 jo20000074179  |4 aut 
240 1 0 |a Montana sky.  |l Česky 
245 1 0 |a Nebe mé lásky /  |c Nora Robertsová ; z anglického originálu ... přeložila Petruše Klůfová 
250 |a Vydání 2. 
264 1 |a Frýdek-Místek :  |b Alpress,  |c 2010 
300 |a 501 stran ;  |c 21 cm 
336 |a text  |b txt  |2 rdacontent 
337 |a bez média  |b n  |2 rdamedia 
338 |a svazek  |b nc  |2 rdacarrier 
490 1 |a Klokan 
500 |a V roce 2021 dotisk 
655 7 |a americké romány  |7 fd131796  |2 czenas 
655 7 |a milostné romány  |7 fd132840  |2 czenas 
655 9 |a American fiction  |2 eczenas 
655 9 |a love novels  |2 eczenas 
700 1 |a Klůfová, Petra,  |d 1957-  |7 jo2008416199  |4 trl 
787 0 8 |i Z cyklu:  |t Geraldova  |g 1 
830 0 |a Klokan (Alpress)  |0 s 
856 4 1 |u http://www.digitalniknihovna.cz/mzk/uuid/uuid:cc2971d0-50cf-11e7-aac4-005056827e51  |y Digitalizovaný dokument  |x NDK 
910 2 |a BOA001  |b 2-1247.343 
990 |a BK 
995 |a 01 
991 |b 201008  |e b 
996 6 |b 2610444084  |c 2-1247.343  |l MZK  |r Sklad / do 1 hodiny  |n 4  |p p.v.  |w 001134898  |u 000010  |a 1  |e BOA001  |j MZK50  |s P